[Event "41st Eastman Open Ghent"]
[Site "Ghent"]
[Date "2018.07.14"]
[Round "2.1"]
[White "De Wolf, Johan"]
[Black "Michiels, Bart"]
[Result "0-1"]
[WhiteElo "2075"]
[BlackElo "2554"]
[Annotator "TA"]
[PlyCount "50"]
[EventDate "2018.07.15"]
[EventCountry "BEL"]
[SourceTitle "playchess.com"]
[Source "ChessBase"]
[SourceQuality "1"]

{[%evp 15,50,0,7,7,0,-1,-1,-33,0,0,0,0,0,0,0,-26,-34,-22,-29,-97,-90,-105,-83,-154,-92,-111,-79,-122,-127,-122,-125,-131,-139,-532,-517,-479,-513]} 1. d4 d5 2. Nf3 Nf6 3. c4 e6 4. g3 Be7 5. Bg2 O-O 6. O-O dxc4 7. Ne5 Nc6 8. Nxc6 bxc6 {LiveBook: 508 Games} 9. b3 {E05: Open Catalan: 5 Nf3 Be7} (9. Na3 Bxa3 10. bxa3 Ba6 11. Qd2 Rb8 12. Qa5 Qc8 13. a4 Rd8 14. Rd1 c3 15. Qxc3 Bxe2 16. Re1 Qa6 17. Bg5 Qc4 18. Rac1 Qxc3 19. Rxc3 Rb2 20. Rxc6 h6 21. Bxf6 gxf6 22. Rxc7 a6 23. d5 exd5 24. Bf1 Bxf1 {½-½ (24) Van Wely,L (2667)-Kryvoruchko,Y (2705) Brest 2018}) 9... Ba6 10. Ba3 Rb8 11. Re1 $146 {The position is equal.} ({Predecessor:} 11. bxc4 Bxc4 12. Qc2 Ba6 13. Rd1 Bxa3 14. Nxa3 Qd6 15. Nc4 Bxc4 16. Qxc4 Rb4 {0-1 (41) Studer,N (2481)-Heimann,A (2582) Bad Ragaz 2018}) 11... Nd5 12. Qc1 Nb4 13. Bb2 Bg5 14. Nd2 {[#]} c5 $1 $36 {[%cal Bc6c5,Bc5d4][%mdl 2592] Black has some pressure.} 15. f4 (15. dxc5 Bxd2) 15... Be7 {Threatens to win with ...c3.} ({Stronger than} 15... cxd4 16. bxc4 d3 17. fxg5 $16) 16. bxc4 Bf6 {And now ...Nc2! would win.} 17. Nb3 (17. Ne4 $11 {remains equal.} Bxd4+ 18. Bxd4 Qxd4+ 19. e3 Qxc4 20. Nxc5) 17... cxd4 $17 18. Rd1 {[%cal Rb2d4] [#]} e5 $1 19. Nc5 {[#]} (19. a3 $142 Nd5 20. Bxd5 Rxb3 21. fxe5 Bxe5 22. Bxd4 Bxd4+ 23. Rxd4) 19... Bc8 ({Better is} 19... Qe7 $1 {[%cal Re7c5]} 20. Nxa6 Nxa6 21. fxe5 Bg5) 20. Ne4 c5 21. Nxf6+ Qxf6 22. fxe5 Qg6 {White must now prevent ...Nc2.} 23. Qf4 Bb7 24. Rab1 $2 {[%mdl 8192]} (24. Bxb7 $17 {nothing else works.} Rxb7 25. Ba3) 24... Bxg2 $19 25. Kxg2 Nc2 {Precision: White = 41%, Black = 80%.} 0-1

[Event "41st Eastman Open Ghent"]
[Site "Ghent"]
[Date "2018.07.14"]
[Round "2.2"]
[White "Epishin, Vladimir"]
[Black "Schoffelmeer, Frans"]
[Result "1-0"]
[WhiteElo "2541"]
[BlackElo "2075"]
[Annotator "TA"]
[PlyCount "35"]
[EventDate "2018.07.15"]
[EventCountry "BEL"]
[SourceTitle "playchess.com"]
[Source "ChessBase"]
[SourceQuality "1"]

{[%evp 17,35,67,71,75,116,118,115,128,116,118,121,116,113,117,122,129,126,106,328,328]} 1. d4 Nf6 2. Nf3 g6 3. c4 Bg7 4. Nc3 d5 5. cxd5 Nxd5 6. Bd2 c6 {D90: Grünfeld: 4 Nf3 Bg7 sidelines} (6... c5 7. Rc1 Nxc3 8. Bxc3 cxd4 9. Nxd4 O-O 10. e3 Bd7 11. Nb3 Ba4 12. Be2 Qxd1+ 13. Bxd1 Rd8 14. Bxg7 Kxg7 15. Rc7 Nd7 16. O-O Bc6 17. Nd4 Rdc8 18. Rxc8 Rxc8 19. Nxc6 Rxc6 {½-½ (37) Sokolov,I (2603)-Deac,B (2560) Heraklio 2017}) 7. h3 O-O 8. e4 Nb6 $146 ({Predecessor:} 8... Nxc3 9. Bxc3 Nd7 10. Bc4 Nf6 11. Qe2 a5 12. a4 {1-0 (33) Grajales,R-Galindo,G Cartago 2010}) 9. Be3 N8d7 {LiveBook: 5 Games} 10. a4 {[%cal Ba2a4,Ba4a5][%mdl 32] [#] Black must now prevent a5.} Nf6 11. a5 Nbd7 12. Bc4 b5 13. axb6 Nxb6 14. Bb3 a5 15. O-O Ba6 16. Re1 ({Reject} 16. Rxa5 $6 Bxf1 17. Rxa8 Qxa8 $11) 16... Nc4 17. Bc1 Qb6 $2 {[#]} (17... Qc7 $16) 18. Ra4 1-0

[Event "41st Eastman Open Ghent"]
[Site "Ghent"]
[Date "2018.07.14"]
[Round "2.3"]
[White "Van Leusden, Dennis"]
[Black "Moradiabadi, Elshan"]
[Result "0-1"]
[WhiteElo "2012"]
[BlackElo "2538"]
[Annotator "TA"]
[PlyCount "80"]
[EventDate "2018.07.15"]
[EventCountry "BEL"]
[SourceTitle "playchess.com"]
[Source "ChessBase"]
[SourceQuality "1"]

{[%evp 13,80,0,35,0,0,4,0,-16,-14,-84,-44,-109,-21,-58,-40,-72,-76,-93,-102,-99,-87,-102,-65,-91,-81,-92,-89,-91,-60,-56,-50,-86,-31,-29,0,0,0,0,0,0,0,-20,0,-25,38,-17,-12,-17,0,-32,-37,-55,-20,-169,-175,-193,-181,-170,-174,-313,-283,-288,-264,-2123,-2056,-1700,-1690,-29991,-29990]} 1. e4 c6 2. Nf3 d5 3. Nc3 Bg4 4. h3 Bxf3 5. Qxf3 e6 6. d3 Nd7 7. Bd2 Bb4 {LiveBook: 7 Games. B11: Caro-Kann: Two Knights Variation} (7... Qb6 8. O-O-O Bd6 9. h4 Ne7 10. h5 Be5 11. h6 g6 12. Na4 Qc7 13. Nc3 Rc8 14. Ne2 c5 15. exd5 Nxd5 {0-1 (25) Liang,A (2572)-Mamedyarov,S (2804) chess.com INT 2018}) 8. exd5 cxd5 9. Qg4 Bf8 $1 {The position is equal.} 10. O-O-O $146 ({Predecessor:} 10. d4 Ngf6 11. Qf4 Qb6 12. Bd3 Bd6 13. Qe3 O-O 14. O-O Rfe8 15. Kh1 {1-0 (37) Muniz,R (2172)-Escofet Fernandez,J (2224) Punta del Este 2001}) 10... Ngf6 11. Qe2 (11. Qf4 $11 {keeps the balance.}) 11... Rc8 12. Kb1 {[#]} (12. d4 $15) 12... Qb6 ({Black should try} 12... d4 $1 $17 {[%cal Rd4c3]} 13. Ne4 (13. Nb5 $2 Qb6 $19) 13... Qb6) 13. Rc1 Bb4 {aiming for ...Bxc3.} 14. Ka1 O-O 15. g4 d4 16. Ne4 {[#]} Nxe4 $1 17. dxe4 Rc5 18. h4 Rfc8 19. Bxb4 Qxb4 20. Rh3 Qb6 21. Qd2 e5 22. g5 Qc7 (22... Qc6 $17 {[%cal Rc5c2]} 23. Bd3 Qc7) 23. Kb1 $1 $15 Rc6 24. Bb5 Rb6 25. Bxd7 Qxd7 26. Rg3 Qc6 27. Qe2 Qe6 28. Qg4 (28. Rd3 {keeps more tension.} h6 29. Rf1 Qd6 30. f4 Rc3 31. Qg4) 28... Qe8 (28... Qxg4 $11 29. Rxg4 Rg6) 29. Rb3 ({Better is} 29. f4 $14) 29... Rxb3 $11 30. axb3 {[%mdl 4096] Endgame KQR-KQR} a5 {[%cal Ba7a5,Ba5a4][%mdl 32]} 31. Qe2 a4 $36 {[%mdl 2048] Black has the initiative.} 32. Qd3 g6 {[%cal Bg7g6,Bg6h5][%mdl 32]} 33. h5 (33. c3 $11 {and White is okay.}) 33... gxh5 $19 34. Rh1 axb3 35. Qxb3 Qc6 36. f3 (36. Qd3 $142) 36... Qa6 37. Qd3 Qa5 38. Rh2 $2 (38. Qa3 Qd2 39. Qd3) 38... Qe1+ 39. Ka2 Ra8+ 40. Kb3 Qa5 {Precision: White = 22%, Black = 33%.} 0-1

[Event "41st Eastman Open Ghent"]
[Site "Ghent"]
[Date "2018.07.14"]
[Round "2.4"]
[White "Venkataraman, Karthik"]
[Black "Stuer, Marc"]
[Result "1-0"]
[WhiteElo "2514"]
[BlackElo "2069"]
[Annotator "TA"]
[PlyCount "51"]
[EventDate "2018.07.15"]
[EventCountry "BEL"]
[SourceTitle "playchess.com"]
[Source "ChessBase"]
[SourceQuality "1"]

{[%evp 21,51,20,67,56,73,55,55,62,107,105,127,126,136,115,142,145,135,85,61,52,67,72,70,54,76,54,148,127,195,185,995,957]} 1. Nf3 d5 2. g3 c5 3. Bg2 Nc6 4. c4 Nf6 5. cxd5 Nxd5 6. Nc3 e6 7. O-O Be7 8. d4 Nxc3 9. bxc3 O-O 10. Rb1 Qa5 11. Qb3 Rd8 {[%cal Rc5d4] LiveBook: 4 Games. A34: Symmetrical English: 2 Nc3, lines with ...d5} 12. Rd1 Bf6 {[%cal Rc5d4]} 13. Be3 (13. Bb2 Bd7 14. Nd2 b6 15. Qa3 Qxa3 16. Bxa3 cxd4 17. cxd4 Rac8 18. e3 Be7 19. Bxe7 Nxe7 20. Rdc1 {½-½ (20) Gagunashvili,M (2573)-Khusenkhojaev,M (2433) Tashkent 2017}) 13... cxd4 {White is slightly better.} 14. Nxd4 $146 ({Predecessor:} 14. cxd4 h6 15. Qc4 Qa3 16. Ne5 Nxe5 17. dxe5 Rxd1+ 18. Rxd1 Be7 19. Be4 Qa5 {½-½ (19) Birnbaum,W (1932)-Kupfernagel,M (1938) Mecklenburg VP 2005}) 14... Ne7 15. c4 e5 16. Nb5 {[#] Black must now prevent Rxd8+.} Bf5 17. Rbc1 Nc6 18. Nd6 Nd4 19. Rxd4 ({Don't play} 19. Qxb7 $6 Rxd6 20. Qxa8+ Rd8 $14) 19... exd4 20. Nxb7 Qe5 21. Nxd8 Rxd8 22. Bd2 Qxe2 23. Ba5 $36 {[%mdl 2048] White has good play.} Rc8 ({Black should try} 23... Re8 $1 $14) 24. Re1 $16 Qc2 (24... Qg4 $16) 25. Qb7 $18 {White wants to mate with Qxc8+!} Qa4 $2 {[#]} (25... Rf8) 26. Bc6 $1 {[%mdl 512] Precision: White = 95%, Black = 30%.} 1-0

[Event "41st Eastman Open Ghent"]
[Site "Ghent"]
[Date "2018.07.14"]
[Round "2.5"]
[White "Malakhatko, Vadim"]
[Black "Van Kessel, Wessel"]
[Result "1-0"]
[WhiteElo "2499"]
[BlackElo "2055"]
[Annotator "TA"]
[PlyCount "43"]
[EventDate "2018.07.15"]
[EventCountry "BEL"]
[SourceTitle "playchess.com"]
[Source "ChessBase"]
[SourceQuality "1"]

{[%evp 9,43,39,28,47,56,52,62,50,66,60,66,58,77,70,218,215,297,295,255,228,214,218,281,309,301,173,333,275,327,331,396,406,411,416,410,409]} 1. c4 e5 2. e3 Nc6 3. Nc3 Bb4 4. Nge2 d6 5. a3 Bxc3 6. Nxc3 {A25: Englische Eröffnung (Sizilianisch im Anzug)} f5 7. d4 a5 $146 ({Vorgänger:} 7... Nf6 8. dxe5 Nxe5 9. b3 b6 10. Bb2 Bb7 11. Nb5 Qe7 12. Nd4 {0-1 (32) Rasmussen,A (2540)-Sasikiran,K (2688) Helsingor 2017}) 8. Be2 {Weiß steht etwas besser.} Nf6 9. O-O O-O 10. b3 Qe8 11. Bb2 g5 (11... e4 $14) 12. Nd5 Rf7 13. dxe5 dxe5 14. Bh5 Nxh5 15. Qxh5 Qf8 16. Qxg5+ Rg7 17. Qf6 (17. Qh4 $142) 17... Qe8 $2 {[#]} (17... Qxf6 {war angesagt.} 18. Nxf6+ Kf7) 18. f4 Be6 19. fxe5 Rd8 20. Nf4 {Weiß steht auf Gewinn.} Rd2 21. Bc3 Rc2 22. Rac1 {Precision: Weiß = 83%, Schwarz = 39%.} ({Nicht} 22. Qxe6+ $2 Qxe6 23. Rac1 (23. Nxe6 $2 {wird mattgesetzt.} Rgxg2+ 24. Kh1 Rxh2+ 25. Kg1 Rcg2#) 23... Rxc1 $19) 1-0

[Event "41st Eastman Open Ghent"]
[Site "Ghent"]
[Date "2018.07.14"]
[Round "2.6"]
[White "De Haas, Wouter"]
[Black "Docx, Stefan"]
[Result "0-1"]
[WhiteElo "2056"]
[BlackElo "2450"]
[Annotator "TA"]
[PlyCount "142"]
[EventDate "2018.07.15"]
[EventCountry "BEL"]
[SourceTitle "playchess.com"]
[Source "ChessBase"]
[SourceQuality "1"]

{[%evp 17,142,43,43,0,0,0,0,2,0,-37,-28,-44,-2,-39,-43,-52,-44,-38,-43,-58,-52,-47,0,0,-14,-7,-8,-11,0,-48,-41,-66,-71,-91,-88,-85,-77,-94,-34,-34,-34,-34,-34,-34,-34,-34,-43,-51,-51,-47,-44,-44,-43,-58,-58,-65,-58,-58,-58,-68,-68,-77,-65,-65,-58,-65,-65,-65,-65,-65,-65,-65,-65,-65,-65,-65,-65,-65,-65,-65,-48,-59,0,-65,-65,-65,-68,-71,-72,-75,-62,-62,-62,-62,-56,-54,-50,-63,-53,-54,0,-62,-54,-65,-65,-66,-65,-65,-65,-61,-58,-57,-57,-59,-46,-71,-72,-70,-65,-65,-65,-65,-65,-29986,-29987,-29986,-29987]} 1. e4 c5 2. Nf3 d6 3. d4 cxd4 4. Nxd4 Nf6 5. Nc3 a6 6. Bg5 e6 7. f4 Qb6 8. Qd2 Nc6 9. Bxf6 {B97: Sizilianisch (Najdorf-Variante)} (9. O-O-O Qxd4 10. Qxd4 Nxd4 11. Rxd4 Be7 12. Na4 Nd7 13. Bxe7 Kxe7 14. Be2 b5 15. Nc3 Rb8 16. Rhd1 Rb6 17. a4 bxa4 18. Nxa4 Rc6 19. Nc3 {½-½ (31) Svidler,P (2740)-Bu,X (2695) Ningbo 2015}) 9... gxf6 {LiveBook: 142 Partien} 10. O-O-O (10. Nxc6 {seems wilder.} bxc6 11. Na4 Qb7 12. Bd3 Bd7 13. O-O) 10... Qxd4 11. Qxd4 {Die Stellung ist ausgeglichen.} Nxd4 12. Rxd4 Bd7 13. Bc4 h5 $146 {[%cal Bh7h5,Bh5h4][%mdl 32]} ({Vorgänger:} 13... O-O-O 14. f5 Bh6+ 15. Kb1 Bf4 16. Bb3 Be5 {0-1 (27) Hoehne,P (2020)-Duenzel,J (2016) Siebenlehn 2010}) 14. Kb1 Rc8 {[#] Droht ...e5 und aus.} 15. Bb3 Rg8 16. g3 h4 17. Rd3 b5 18. a3 Rc5 19. Rhd1 Rh5 20. e5 f5 ({Viel schlechter ist} 20... hxg3 $6 21. Ne4 $16 (21. hxg3 f5 $11)) 21. exd6 hxg3 22. hxg3 Rh2 23. Re1 Rg2 {[%mdl 1024] Schwarz hat Kompensation.} 24. Ree3 Kd8 $1 25. Ne2 Rh8 26. Nd4 Rh1+ 27. Ka2 Rgg1 (27... Bg7 $17 28. Nf3 Rxg3) 28. Bxe6 $1 $15 fxe6 ({Jedoch nicht} 28... Bxe6+ $2 29. Rxe6 Rd1 30. Ree3 $18) 29. Nxe6+ Bxe6+ 30. Rxe6 Rh6 31. Rxh6 Bxh6 {[%mdl 4096] Endspiel KTL-KT} 32. a4 bxa4 33. Rd5 Rxg3 {Und ...a3 würde nun gewinnen.} 34. Rxf5 Rg6 35. Ra5 Rxd6 36. f5 Bd2 37. Rxa4 Kc7 38. Re4 Rd5 39. Re2 Bg5 {Und weiter mit ...Ta5+ wäre nett.} 40. Rf2 Bf6 41. c3 Kc6 42. Kb3 Kc5 43. Rf4 Kb6 44. Kc4 Re5 45. Rf3 a5 46. Rf1 Rc5+ 47. Kd3 Kb5 48. Rf4 Bg5 49. Rf2 Bf6 50. Rf4 $1 Rd5+ 51. Kc2 $1 {c4+ ist eine echte Drohung.} Re5 52. Kd3 Rc5 53. Kc2 a4 54. Rb4+ Ka5 55. Rf4 Re5 56. Kd3 Rb5 57. Rf2 Rd5+ 58. Kc4 Rb5 (58... Re5 {is interesting.} 59. Kd3 Rc5 60. Rf4 Rd5+ 61. Kc2 Rb5) 59. Kd3 Rc5 60. Ke4 Kb5 61. Kd3 Rd5+ 62. Kc2 $1 Re5 63. Kd3 Re1 64. Rf4 Rd1+ 65. Kc2 Rh1 66. Rf2 Rh3 67. Kd2 Bg5+ 68. Kc2 Kc4 69. Rg2 {zielt auf Tg4+ ab.} Bf4 {( -> ...Th1)} 70. Rg4 $2 {[%mdl 8192] [#]} (70. Re2 $15 Kd5 71. Re7) 70... Rh2+ 71. Kd1 Kd3 {Precision: Weiß = 54%, Schwarz = 68%.} 0-1

[Event "41st Eastman Open Ghent"]
[Site "Ghent"]
[Date "2018.07.14"]
[Round "2.7"]
[White "Sarrau, Jelle"]
[Black "Verheyen, Olivier"]
[Result "1/2-1/2"]
[WhiteElo "2366"]
[BlackElo "2043"]
[Annotator "TA"]
[PlyCount "144"]
[EventDate "2018.07.15"]
[EventCountry "BEL"]
[SourceTitle "playchess.com"]
[Source "ChessBase"]
[SourceQuality "1"]

{[%evp 20,144,31,23,45,8,0,0,48,45,87,78,85,85,150,149,170,176,168,173,285,269,269,263,292,274,271,266,354,355,333,331,279,172,240,249,266,226,225,222,252,252,288,303,247,106,106,106,106,106,106,106,154,114,294,268,259,178,170,163,189,0,156,8,8,8,8,8,8,8,8,8,8,8,8,8,14,8,17,0,8,0,8,0,8,8,8,8,8,0,20,20,43,0,20,0,28,28,42,42,50,8,8,0,0,0,0,0,0,0,0,0,0,0,0,0,0,0,0,0,0,0,0,0,0,0,0]} 1. Nf3 Nf6 2. c4 g6 3. g3 Bg7 4. Bg2 d6 5. d4 O-O 6. O-O Nc6 7. Nc3 e5 8. dxe5 dxe5 9. Bg5 Be6 10. Nd2 h6 {E62: King's Indian: Fianchetto: 6...c6 and Panno Variation (6...Nc6) without ...a6} (10... Qc8 11. Nd5 Nd7 12. b4 h6 13. Be3 Re8 14. Rc1 Nd4 15. Bxd4 exd4 16. Nb3 c5 17. bxc5 Nxc5 18. Nxd4 {1-0 (41) Banusz,T (2613)-Radjabov,T (2722) Monzon 2016}) 11. Bxf6 {LiveBook: 11 Games} Qxf6 12. Nde4 Qe7 13. Nd5 Bxd5 (13... Qd8 {feels hotter.} 14. Nc5 Bc8 15. e3 Kh7 16. Qa4 f5) 14. cxd5 Nd4 15. Rc1 Nb5 16. Rc5 $146 {[%mdl 2048] White is really pushing.} ({Predecessor:} 16. Qb3 Nd6 17. Rc2 f5 18. Nxd6 cxd6 {1-0 (40) De Abreu,R (2110)-Tshabalala,E (2003) Johannesburg 2017}) 16... Nd4 ({Black should play} 16... a6) 17. e3 $16 f5 18. exd4 {[#] Threatens to win with Qb3.} fxe4 19. Bxe4 {Black must now prevent Qb3.} g5 (19... exd4 {was necessary.} 20. Qc2 Be5 21. Bxg6 Rad8) 20. Qb3 $18 Kh8 21. Qxb7 Rab8 22. Qxc7 Qxc7 23. Rxc7 Rxb2 24. d6 ({But not} 24. Rxa7 Re2 $18) 24... exd4 25. d7 ({Don't do} 25. Rxa7 Re2 $18) 25... Bf6 26. Rb1 Rxb1+ (26... Bd8 $142 27. Rxb2 Bxc7) 27. Bxb1 {[%mdl 4096] Endgame KRB-KRB} a5 28. Rc6 Kg7 29. Ra6 Rb8 30. Bf5 a4 31. Rxa4 Rb5 32. Rxd4 (32. g4 $18 Rd5 33. Kf1) 32... Rxf5 $16 33. d8=Q Bxd8 34. Rxd8 {aiming for Ra8. KR-KR} Ra5 35. Rd2 Ra4 36. Kg2 g4 $2 (36... Kf6 $16 37. Kf3 Ke5 38. Re2+ Kf5) 37. Kf1 Kf6 38. Re2 h5 39. Ke1 Kg5 40. Kf1 $2 (40. Kd1 $18) 40... h4 $2 {[#]} ({Better is} 40... Kf6 $1 $11) 41. gxh4+ (41. Re5+ $1 $16 Kf6 42. Re2) 41... Kxh4 $11 42. Kg2 Ra3 $1 43. Rd2 Kg5 44. Rc2 Kh4 45. Re2 Kg5 46. Rb2 Kh4 47. Kf1 Ra8 48. Kg1 Ra7 49. Kg2 {Rb4 is the strong threat.} Ra3 $1 50. Rd2 Kg5 51. Rc2 Kh4 52. Rb2 Kg5 53. Kg1 Kh4 54. Kf1 Ra8 55. Rc2 Ra7 56. Kg2 Ra3 $1 57. Rb2 Kg5 58. Rd2 Kh4 59. Kf1 Ra8 60. Ke2 Kh3 {The position is equal.} 61. Kd3 Kxh2 62. f3+ Kg3 63. fxg4 Kxg4 64. Ke4 Re8+ 65. Kd4 {Hoping for a4.} Rd8+ 66. Kc3 Rxd2 67. Kxd2 {White wants to mate with a4. KP-K} Kf5 68. a4 {a5 would kill now.} Ke6 69. a5 {Intending a6 and mate.} Kd6 70. a6 {White threatens a7 and mate.} Kc7 71. a7 Kb7 72. a8=B+ Kxa8 {Precision: White = 55%, Black = 50%.} 1/2-1/2

[Event "41st Eastman Open Ghent"]
[Site "Ghent"]
[Date "2018.07.14"]
[Round "2.8"]
[White "Boudry, William"]
[Black "Arman, Deniz"]
[Result "1-0"]
[WhiteElo "2046"]
[BlackElo "2366"]
[Annotator "TA"]
[PlyCount "114"]
[EventDate "2018.07.15"]
[EventCountry "BEL"]
[SourceTitle "playchess.com"]
[Source "ChessBase"]
[SourceQuality "1"]

{[%evp 17,114,34,42,12,26,23,39,-8,18,14,22,8,126,137,147,53,67,63,75,65,58,4,25,11,23,0,1,0,0,0,0,0,0,0,0,0,0,-3,-5,-89,-88,-93,-89,-89,-97,-99,-102,-102,-103,-116,-106,-104,-7,-14,0,0,0,0,0,0,0,0,0,-76,0,-248,-182,-294,32,45,217,227,202,191,183,110,112,126,491,473,432,229,207,0,282,279,1107,1025,1246,1221,1422,1191,1838,1482,12843,7005,29980,29981,29985]} 1. d4 Nf6 2. Nf3 g6 3. c4 Bg7 4. Nc3 d5 5. Bf4 O-O 6. e3 dxc4 7. Bxc4 c5 {D93: Grünfeld: 4 Nf3 Bg7 5 Bf4 0-0 6 e3} 8. dxc5 Qa5 9. O-O Qxc5 {LiveBook: 16 Games. White is slightly better.} 10. Qd4 (10. Bb3 Nc6 11. Rc1 Qa5 12. h3 Bf5 13. Qe2 e5 14. Bh2 e4 15. Nd2 Ne5 16. Nc4 Nxc4 17. Qxc4 Be6 18. Qa4 Qxa4 19. Bxa4 a6 20. Be5 b5 21. Bc2 Rac8 {½-½ (47) Gorovets,A (2517)-Puranik,A (2520) chess.com INT 2018}) 10... Qa5 11. b4 Qh5 $146 ({Predecessor:} 11... Qb6 12. Rac1 Nc6 13. Qxb6 axb6 14. b5 {½-½ (30) Rossetto,H-Benko,P Amsterdam 1964}) 12. b5 Nbd7 13. Rac1 Nb6 14. Be2 Qf5 (14... Be6 $1 $11) 15. Rfd1 $16 Nfd7 16. Qe4 (16. Qb4 $1 $16) 16... Qxe4 $14 17. Nxe4 Nf6 18. Nxf6+ Bxf6 19. Be5 ({White should play} 19. Bh6 $14 Re8 20. Ng5) 19... Be6 20. Bxf6 exf6 21. a3 Bb3 22. Rd3 Bc4 23. Rd2 Rac8 24. Bxc4 Rxc4 25. Rxc4 Nxc4 $11 {[%mdl 4096] Endgame KRN-KRN} 26. Rd3 Rc8 27. Rc3 Kf8 28. Nd4 (28. Nd2 $11 {keeps the balance.} Nd6 29. Rxc8+ Nxc8 30. Kf1) 28... Nb6 $17 29. Rxc8+ Nxc8 {KN-KN} 30. Kf1 Ke7 $1 31. Ke2 Kd6 $1 32. Nb3 Kd5 $1 33. Kd3 Nd6 34. a4 f5 (34... Ne4 $1 $17 35. f3 Nc5+ 36. Nxc5 Kxc5) 35. f3 h5 36. h3 h4 37. Kc3 Nc8 38. Kb4 g5 39. Nc5 Nd6 40. Nd7 (40. a5 $11) 40... f4 (40... b6 $17) 41. e4+ $2 (41. exf4 $11 gxf4 42. b6 a5+ 43. Kxa5) 41... Kd4 42. Nf6 {[#]} (42. e5 {was necessary.} Nf5 43. e6 fxe6 44. Nc5) 42... Ke5 $2 (42... Nc4 $1 $19 {White must now prevent ...Ne3.} 43. b6 Nxb6) 43. Kc5 $14 b6+ $2 (43... Ke6 $14) 44. Kc6 $18 Nc4 {[#]} 45. Ng4+ $1 Kd4 46. Nh6 ({Better is} 46. Kb7 $18) 46... f6 $16 47. Ng4 Kd3 $2 {[%mdl 8192]} (47... Ne3 $16) 48. Nxf6 $18 Ke2 49. Nh7 (49. Ng4 $142) 49... g4 50. hxg4 $2 ({White has to play} 50. fxg4 $18 {Hoping for g5.} Kf2 51. Ng5 Kxg2 52. Kb7 (52. Kd5 Ne3+ 53. Kc6 Nc4 $11)) 50... Ne5+ $2 {[%mdl 8192]} (50... Kf2 $11) 51. Kd5 Ng6 $2 (51... Nxf3 52. g5 (52. gxf3 $2 h3 $19) 52... Ne1) 52. Ke6 h3 53. gxh3 Kxf3 54. Ng5+ Kg3 55. Kf6 Nf8 56. e5 Kh4 57. Kf5 f3 {Precision: White = 52%, Black = 37%.} 1-0

[Event "41st Eastman Open Ghent"]
[Site "Ghent"]
[Date "2018.07.14"]
[Round "2.9"]
[White "Godde, Matthias"]
[Black "Foisor, Sabina Francesca"]
[Result "0-1"]
[WhiteElo "2043"]
[BlackElo "2326"]
[Annotator "TA"]
[PlyCount "56"]
[EventDate "2018.07.15"]
[EventCountry "BEL"]
[SourceTitle "playchess.com"]
[Source "ChessBase"]
[SourceQuality "1"]

{[%evp 19,56,0,0,0,0,0,0,5,10,0,16,-9,-11,-10,-2,-26,-35,-28,-34,-36,-30,-54,-56,-102,-99,-76,-56,-82,-83,-200,-191,-675,-602,-649,-414,-2108,-2133,-1143,-708]} 1. d4 Nf6 2. c4 e6 3. Nf3 Bb4+ 4. Bd2 Qe7 5. Qc2 Bxd2+ 6. Nbxd2 d6 7. e3 O-O 8. Bd3 e5 9. O-O {E11: Bogo-Indian} Re8 10. dxe5 dxe5 {[#] LiveBook: 3 Games. White must now prevent ...e4.} 11. Ng5 {[%cal Rd3h7] The position is equal.} h6 12. Nge4 Nxe4 $146 ({Predecessor:} 12... Nbd7 13. Nxf6+ Nxf6 14. Ne4 {½-½ (14) Benitah,Y (2382)-Apicella,M (2529) Belfort 2010}) 13. Nxe4 f5 14. Nc3 Qf7 15. b4 Be6 16. Na4 Nd7 (16... e4 $5 17. Be2 $8 Nd7 $11) 17. c5 e4 $36 {[%mdl 2048] Black is more active.} 18. Be2 Ne5 19. Rfd1 Rad8 20. Rd2 Bc4 21. Nb2 {[%cal Rb2c4]} Bxe2 22. Rxe2 Qf6 23. Rc1 Kh7 24. Qc3 (24. Rd2 $17) 24... Re6 $19 25. h3 $2 (25. Kh1) 25... Qg5 26. Kh1 Rg6 {[%csl Gg6][%cal Rg5g2] [#]} 27. g3 (27. Rg1 $142 Nf3 28. Qc1 Nxg1 29. Qxg1) 27... Qh5 28. Qxe5 Qxe2 {Precision: White = 28%, Black = 67%.} 0-1

[Event "41st Eastman Open Ghent"]
[Site "Ghent"]
[Date "2018.07.14"]
[Round "2.10"]
[White "Froeyman, Helmut"]
[Black "Deveque, Guillaume"]
[Result "1-0"]
[WhiteElo "2290"]
[BlackElo "2043"]
[Annotator "TA"]
[PlyCount "71"]
[EventDate "2018.07.15"]
[EventCountry "BEL"]
[SourceTitle "playchess.com"]
[Source "ChessBase"]
[SourceQuality "1"]

{[%evp 24,71,53,49,273,273,252,271,271,265,264,265,265,256,257,0,0,0,0,0,0,0,0,0,0,0,7,0,130,121,441,437,29981,29982,29976,0,535,0,29976,29975,29983,29984,29984,29985,29985,29986,29988,29986,29986,29986]} 1. e4 {CB} e6 2. d4 d5 3. Nc3 Bb4 4. e5 c5 5. a3 Bxc3+ 6. bxc3 Ne7 7. Qg4 O-O 8. Bd3 Nbc6 9. Qh5 Ng6 10. Nf3 Qa5 {C18: French: 3 Nc3 Bb4: Main line: 7 h4 and 7 Qg4} (10... Qc7 11. Be3 Nce7 12. h4 Bd7 13. Qg4 f5 14. Qh3 cxd4 15. cxd4 Bb5 16. O-O Bxd3 17. cxd3 Rfc8 18. h5 Nf8 19. h6 {0-1 (39) Vallejo Pons,F (2707)-Ivanchuk,V (2726) Riadh 2017}) 11. Bd2 c4 12. Ng5 h6 {[#]} 13. Nxf7 $1 {[%mdl 512] LiveBook: 3 Games} cxd3 $2 {[#]} (13... Ngxe5 $14 14. Nxe5 cxd3) (13... Rxf7 14. Bxg6) 14. Nxh6+ $1 $18 {[%mdl 512]} gxh6 15. Qxg6+ Kh8 16. Qxh6+ (16. cxd3 Qc7 $16) 16... Kg8 17. Qg6+ $146 (17. cxd3 $6 Qc7 $16) 17... Kh8 18. h4 ({Don't take} 18. Qxd3 $6 Qc7 $16) 18... Qc7 19. Bg5 $2 ({Much less strong is} 19. cxd3 $6 Qf7 $16) (19. Qh6+ $18 Kg8 20. Rh3 (20. cxd3 Qg7 $16)) 19... Nxe5 $11 20. Bf6+ Rxf6 $1 21. Qxf6+ Kh7 22. Kd2 {[%cal Be1d2,Bd2d3,Bd3e2,Be2f2][%mdl 32]} Nc4+ $1 {[%cal Be5c4,Bc4d6,Bd6b5][%mdl 32]} 23. Kxd3 Nd6 24. f3 Nb5 25. Ke2 b6 (25... Bd7 $11) 26. Kf2 Ba6 $2 {[%mdl 8192]} (26... Nxc3 $16 {is tougher.} 27. a4 Ba6) 27. Rae1 Qxc3 (27... Qg7 $18 28. Qxe6 Nxc3) 28. Qf7+ Kh8 29. Qf6+ (29. Qh5+ $142 Kg7 30. Rxe6 Qxc2+ 31. Re2 Rc8 32. Rxc2 Rxc2+ 33. Kg3 Rc6 34. Re1 Rg6+ 35. Kh2) 29... Kh7 $18 30. Qf7+ $40 {[%mdl 128] White mounts an attack.} (30. Qe7+ $18 Kh8 31. Qf6+ Kh7) 30... Kh8 31. Qh5+ {White mates.} Kg8 32. Qg6+ Kh8 33. Qh6+ Kg8 34. Qxe6+ Kh7 35. Qf7+ Kh8 36. Qh5+ {Precision: White = 79%, Black = 28%.} 1-0